000 00524nam a22001577a 4500
999 _c535575
_d535575
020 _qHard Cover.
082 _a624
100 _aKhan, Abid.
245 _aA framework for maintenance and rehabilitation (M&R) of airfields pavements in Pakistan /
_cAbid Khan.
260 _aIslamabad:
_bNIT NUST,
_c2012.
300 _a201 p. :
_bill. ;
_c30cm.
942 _2ddc
_cTHE
650 _aTransportation Engineering MS-Thesis.
_916276
700 _aDr. Muhammad Irfan
_917128